000 00517nam a22001817a 4500
003 OSt
005 20260226012100.0
008 260226b |||||||| |||| 00| 0 eng d
020 _a9812448659
040 _aDWCL-Main Lib
_cOC
082 _aCirc. 516 G342 2005
100 _aBass, Laurie E. ...[ET.AL.]
245 _aGeometry: tools for a changing world /
260 _b Pearson Education,
_cc2005.
300 _axiv , 493 pages :
_billustrations ;
_c26 cm
650 _aGeometry.
942 _2ddc
_cBK-CIRC
_mCirc.
_n0
999 _c8533
_d8533